000 00657nam a2200205Ia 4500
003 GCL
008 140319s9999 xx 000 0 ara d
040 _aGCL /
_cGCL
082 0 4 _a820.5
_bا ض
100 1 _aمحمد عبدالمنعم جلال (مترجم)
245 1 0 _aضربة القدر /
_cمحمد عبدالمنعم جلال (مترجم)
700 1 _aايريش، وليم
700 1 _aهتشكوك, الفريد
300 _a192
490 _aالهيئة العامة للاستعلامات
_v0
650 0 4 _aالادب الانجليزى
650 0 4 _aالائتمان
650 0 4 _aالقصة الانجليزية
942 _2ddc
_cBK
999 _c47628
_d47628